00591nam a2200193Ia 4500008004100000020001800041082000800059100002700067245004900094250000600143260003900149300001000188500002400198650001000222700005100232942000700283952009000290999001700380230524s9999 xx 000 0 und d a9789382332657 bVEN aG.Venktappa Rao942914 0aHighway Material Testing and Quality Control a1 aNew DelhibI.K.Internationalc2015 a311p; aQuantity Number: 1 aCivil a"K.Ramachandra Rao, Kusik Pahari, etl"942915 cBK 00104070aTATCLbTATCLcGENd2023-05-24l0o VENp54175r2023-05-24w2023-05-24yBK c57882d57882